Statistiche per Paesi più vicini alla Guinea-Bissau

Clicka qui per fare il quiz!

Statistiche generali

  • Questo quiz è stato fatto 5 volte
  • Il punteggio medio è 17 su 20

Statistiche sulle risposte

kmpaese% Corretto
1657Algeria
100%
1586Benin
100%
758Cabo Verde
100%
1188Ghana
100%
0Guinea
100%
519Liberia
100%
208Mali
100%
1668Marocco
100%
280Mauritania
100%
249Sierra Leone
100%
1479Togo
100%
900Burkina Faso
80%
637Costa d'Avorio
80%
61Gambia
80%
1511Niger
80%
1832Nigeria
80%
0Senegal
80%
2225Portogallo
60%
1674Spagna
60%
921Sahara Occidentale
40%

Distribuzione punteggi

Percentile per numero di risposta

Percentuale di utenti per punteggio

I tuoi punteggi nel tempo

Non hai fatto questo quiz